Word Ladder: Lowly Themed Ladder Quiz Stats

 Plays Quiz Updated Jan 18, 2013

     
Support Sporcle.
Go Orange.
Score 0/34 Timer 04:00
1 Play Today
Hint Word % Correct
'Since U ___ Gone'BEEN
91.1%
▼ FOZZIE, YOGI, OR SMOKEY, e.g. ▼▼ BEAR ▼
90.5%
Brew from hopsBEER
88.5%
▼ AUTUMN ▼▼ FALL ▼
88.5%
Opposite of afternoonMORN
87.6%
Arrange into categoriesSORT
87.5%
Aching from exertionSORE
86%
'Smells Like ____ Spirit'TEEN
85.8%
Kingly addressSIRE
84.9%
▼ SM, MED, OR LG, e.g.▼▼ SIZE ▼
83.8%
▼ PUT TO THE TORCH ▼▼ BURN ▼
83.2%
DaybreakDAWN
82.3%
Cut yesterday, like a lawnMOWN
81.2%
Reynolds or Bacharach, e.g.BURT
80.1%
NéeBORN
80%
Bambi, onceFAWN
79.6%
▼ STIR AN EGG ▼▼ BEAT ▼
79%
Hint Word % Correct
Film actor Rip ____TORN
77.5%
Lawyer's concernTORT
75%
▼ TINSEL, TITLE, OR BOYS ____▼ TOWN ▼
74.5%
Completely satiatedFULL
73.9%
Price paidCOST
72.4%
Sea birdTERN
68.8%
Animated 'Ay caramba' sayerBART
68.3%
Golf or grocery wainCART
67.8%
Puerto Rican separatist militiaFALN
67%
▼ SOME ARE PLASTER ▼▼ CAST ▼
66.6%
▼ HANG A LOUIE ▼▼ TURN ▼
59.2%
A fireman doesn't wear oneBELT
51.1%
Fold a flag or sailFURL
49.2%
Iron Age BritCELT
44.3%
Peacemaker makerCOLT
44%
Street in OxfordTURL
42.7%
▼ COMMON BOND ▼▼ DOWN ▼
38.2%

Today's Daily Dose

Missing Word
Brands of Alcohol

Word Ladder
A Little Room?

Get the Picture
SpongeBob Rivalry

From the Vault

TV Foursomes by Picture

by sproutcm

You gotta have a good gang of four to make it on TV.
Remove Ads.
Support Sporcle.
Get the best of Sporcle when you Go Orange. This ad-free experience offers more features, more stats, and more fun while also helping to support Sporcle. Thank you for becoming a member.

Show Comments

Extras

Top Quizzes Today


Score Distribution

Your Account Isn't Verified!

In order to create a playlist on Sporcle, you need to verify the email address you used during registration. Go to your Sporcle Settings to finish the process.

Report this User

Report this user for behavior that violates our Community Guidelines.

Details: